000
00337nam a2200157Ia 4500
003
OSt
005
20231109035638.0
008
170524s9999 xx 000 0 und d
020
_a
1900518570
040
_c
IIMT
100
_a
Nichols- Annie
245
0
_a
Potatoes
260
_b
Ryland Peters& Small
260
_c
1998
942
_2
ddc
_c
02
999
_c
7080
_d
7080